000 01076nam a22003377a 4500
003 CHAP
005 20220329133953.0
008 971013s1966 r 00010 d
010 _a13414
011 _a14386
035 _a18459
040 _cCHAP
090 _aTesis
100 0 0 _aGómez Romero, Fabio.
_949882
245 _aSistemas y métodos de resinación en el pino (Género Pinus)
260 _aChapingo, Méx. :
_bEl autor,
_c1966
300 _a66 h.
_b: ilus
502 _aTesis (Ing. Agr. Esp. en Bosques) -- ENA. Departamento de Bosques
590 _aALEPH
_b10
_c20130110
_lUCH01
_h1232
590 _aBATCH-UPD
_b10
_c20130110
_lUCH01
_h1852
590 _aBATCH-UPD
_b10
_c20130410
_lUCH01
_h1221
590 _aBATCH-UPD
_b10
_c20130914
_lUCH01
_h1546
590 _aCONVERSION
_b10
_c20130109
_lUCH01
_h1309
650 1 4 _aGomas y resinas.
_948606
650 1 4 _aPináceas.
_988210
901 _aBK
942 _cFOLL
949 _bBC
_cTES
_d-43068
_eTS1
_i18459
_si
949 _bBC
_cTES
_d-43069
_eTS2
_fc.2
_i18459
_si
949 _bBC
_cTES
_d-43070
_eTS2
_fc.3
_i18459
_si
999 _c13414
_d13414